000 00311nam a22001457a 4500
008 210322b ||||| |||| 00| 0 eng d
020 _a072168498X
041 _aeng
080 _a610.73
082 _a610.73
100 _a1
101 _aINF
245 _aBasic Nursing
_cSorensen, K. C
942 _2udc
_cBK
999 _c56654
_d56654